000 03304cam a22012614i 4500
003 PE-LiUPU
005 20250813185413.0
008 150623s2001 pe r 000 0 spa d
020 _a9972881075
020 _a9789972881077
035 _a(Sirsi) i9789972881077
040 _aPE-LiUPU
_bspa
_cPE-LiUPU
_erda
049 _aPRUA
082 0 4 _a370.985
_bO3
_221
245 0 0 _aOferta y demanda de formación docente en el Perú /
_ccoordinadoras, Lorena Alcázar, Rosa Ana Balcázar.
264 1 _aLima :
_bMinisterio de Educación del Perú,
_c2001.
300 _a107 páginas :
_bilustraciones, cuadros, diagrámas ;
_c29 centímetros
336 _atext
_2rdacontent
337 _aunmediated
_2rdamedia
338 _avolume
_2rdacarrier
490 0 _aDocumento de Trabajo ;
_v7
504 _aIncluye bibliografía.
505 0 _aAlcances y limiataciones del estudion -- Análisis del mercado de formación docente -- Análisis del mercado de docentes en el Perú.
526 _aP202
526 _aP201
526 _aP163
526 _aP162
526 _aP161
526 _aP160
526 _aP148
526 _aP147
526 _aP146
526 _aP145
526 _aP144
526 _aP143
526 _aP142
526 _aP141
526 _aP140
526 _aP139
526 _aP138
526 _aP137
526 _aP136
526 _aP135
526 _aP134
526 _aP133
526 _aP129
526 _aP128
526 _aP127
526 _aP120
526 _aP119
526 _aP118
526 _aP116
526 _aP115
526 _aP114
526 _aP110
526 _aP109
526 _aP108
526 _aP104
526 _aP103
526 _aP102
526 _aP99
526 _aP98
526 _aP97
526 _aP96
526 _aP95
526 _aP93
526 _aP90
526 _aP89
526 _aP88
526 _aP83
526 _aP82
526 _aP62
526 _aP59
526 _aP58
526 _aP57
526 _aP51
526 _aP49
526 _aP48
526 _aP47
526 _aP29
526 _aP24
526 _aP20
526 _aP19
526 _aP17
526 _aP15
526 _aP14
526 _aP12
526 _aP10
526 _aP09
526 _aP08
526 _aP07
526 _aP06
526 _aP05
526 _aP04
526 _aP01
650 0 4 _aEducadores
_xCapacitación.
650 0 4 _aEducadores
_xOferta y demanda
_zPerú.
700 1 _aAlcázar, Lorena,
_d1963-,
_ecoordinador.
700 1 _aBalcázar, Rosa Ana,
_d1968-,
_ecoordinador.
710 2 _aPerú. Ministerio de Educación.
_94504
710 2 _aPrograma Especial Mejoramiento de la Calidad de la Educación Peruana.
942 _2ddc
_cBOOK
949 _a370.985 O3
_wDEWEY
_c1
_i48360
_lCCODEBUL1
_mBUL
_r0
_sY
_tBOOK
_u2015-6-24
_xEDUCACION
_zUNKNOWN
_0COMPRA
_o.STAFF. Colección Ciencias Humanas y Educación
994 _aC0
_bPEPRU
596 _a1
999 _a370.985 O3
_wDEWEY
_c26631
_i48360
_f2021-11-8
_g6
_lCCODEBUL1
_mBUL
_p10.00
_r0
_sY
_tBOOK
_u2015-6-24
_xEDUCACION
_zUNKNOWN
_0COMPRA
_o.STAFF. Colección Ciencias Humanas y Educación
_d26631
980 _81
_gALBERTO SANCHEZ Responsable de Automatización